000 00609nam a22002057a 4500
003 OSt
005 20140310182838.0
008 130607t xxu||||| |||| 00| 0 eng d
020 _a9781606491010
050 _aHM 1221
_b.St775 2010
082 _aM 659.2072
_bS775 2010
245 _aA Practitioner's guide to public relations research, measurement, evaluation /
_cStacks, Don W.
260 _aNew York :
_bBusiness Expert Press,
_c2010
300 _ax, 229 p.
_bill. ;
_c23 cm.
521 _acollege students
526 _c1210L-1700L
541 _j1
562 _e1
942 _2lcc
_cBK
_kM
999 _c16804
_d16804